000 00591nam a2200205 4500
003 OSt
005 20260601171005.0
008 260507b1997\\\\|||ace||\||||\001\0\spa\d
020 _a968737716X
040 _aICI
_bspa
_cICI
050 _aF1346
_b.P43
100 1 _aPiña Silva, Alejandro
_932104
245 1 _aMunicipio de Pedro Escobedo
_bQuerétaro, visión de sus Cronistas
264 _bGobierno del Edo de Querétaro
_c1997
_aMéxico
300 _a82 páginas
336 _atexto
_2rdacontent
337 _asin medio
_2rdamedia
338 _avolumen
_2rdacarrier
942 _2lcc
_cB
_n1
999 _c20240
_d20240